000 01110nam a2200265Ia 4500
003 OSt
005 20221005104232.0
006 a|||||r|||| 00| 0
007 ta
008 221004b |||||||| |||| 00| 0 hin d
020 _a9788171104727 (hbk)
_c250
024 _a13680
037 _b693/1, 28/02/2014, Vidyanidhi Prakashan
_cTextual
040 _aCRL
_cCRL
_bhin
041 _2hin
_ahin
082 _aO15,1D65,1:g(P), 152Q4
100 _aप्रवीण कुमारी
245 0 _aमाघकाव्य के प्रथम दो सर्गो के तिड.न्तों का विश्लेड्ढण
246 _aMāghakāvya ke pratham do sargo ke tiḍa.ntoan kā vishleḍḍhaṇa
260 _aदिल्ली
_bपरिमल पब्लिकेशन्स भारत
_c2014
300 _a170पृ0
_ccm.
650 _aसंस्कृत साहित्य
942 _hO15,1D65,1:g(P), 152Q4
_cTEXL
_2cc
999 _c1012097
_d1012097